00994nam a22002537a 45000010005000000030006000050050017000110080041000280200018000690400029000870500009001160820011001251000017001362450159001532600041003123000059003535050007004125200190004195210027006095210019006366500026006557000027006817000032007085594FISKH20241219141026.0241219b cb ||||| |||| 00| 0 eng d a9781584766162 aFISKHbengcFISKHdFISKH aPZ7  a741.5  aWeiss, Bobbi aHiro, Dragon Warrior /bGreat strength sometimes comes in a small package! cWritten by Bobbi JG Weiss and David Cody Weiss ; illustrated by Robbie Short  aNorwalk : bInnovative Kids, c2007. a24 unnumbered pages : bcolor illustrations ; c23 cm  aF  aThree short stories in graphic novel format tell about Hiro, a young dragon who is bullied until he meets a martial arts master who teaches him to defend himself and gives him a quest. 8 a340 bLexile estimate 8 aF bRaz-Plus  aGraphic NovelvComics aWeiss, David eauthor  aShort, Robbieeillustrator